LDR 00971naa#a2200169#i#450# 001 EN\\bibl\124090 005 20260603231706.3 011 ## _a2782-4586 100 ## _a20260530b2026####ek#y0engy0150####ca 102 ## _aRU 200 1# _aResearch on the Optimization Path of China's Green Finance Regulatory Coordination Mechanism under the Goals of Carbon Emission Reduction _eJournal article 210 1# _aMoscow _cITBO University _d2026 215 ## _a4 с. 608 ## _aJournal article _2local 675 ## _aФинансы. Банковское дело. Деньги и денежное обращение. 336 _aПрирода. Изучение и охрана природы. Охрана растительного и животного мира, охрана ландшафтов. Комплексные исследования, охватывающие вопросы разделов 502 и 504, классифицируются в 504. 502 _z 700 #1 _aZhang _gXiaohui 856 4# _azhpi.ru _u